00759nam a22002057a 450000500170000001000150001702000260003203500130005803700130007108200110008410000220009524501360011726000420025327000430029530000270033870000220036594200250038799900170041295201240042920150623123846.0 aENG-112875 c200.00a9788172764388 aEN-96407 bDBAD/PUB a181.45 aDesai, Priyavadan aBhagavad Gita :cby Priyavadan Desai ; translated by Mahendra Pandiabencyclopedia of management principles and scientific living / aMumbai bBharatiya Vidya Bhawanc2010 aKulapati Munshi Marg, bMumbaie400007 axxxvi,259p.c22cm(pbk) aPandia, Mahendra  2ddccENmDESh181.45 c93352d93352 001040718NFICaDBADbDBADd2015-05-06eDBAD/PUBg200.00l0o181.45 DESpEN-96407r2015-05-06 00:00:00t1v200.00yEN